[Event "BIH-chTA 27th"]
[Site "Lukavac"]
[Date "2020.10.31"]
[Round "3.3"]
[White "Sutkovic, Damir"]
[Black "Rosic, Slavko S"]
[Result "1-0"]
[WhiteElo "2274"]
[BlackElo "2303"]
[PlyCount "113"]
[EventDate "2020.10.30"]
[EventType "team-tourn"]
[EventRounds "9"]
[EventCountry "BIH"]
[SourceTitle "CBM 199 Extra"]
[Source "ChessBase"]
[SourceDate "2021.01.31"]
[SourceVersion "1"]
[SourceVersionDate "2021.01.31"]
[SourceQuality "1"]
[WhiteTeam "Cazin Ljiljan"]
[BlackTeam "Brcko Distrikt"]
[WhiteTeamCountry "BIH"]
[BlackTeamCountry "BIH"]

1. d4 d5 2. c4 c6 3. Nf3 Nf6 4. Nc3 e6 5. e3 Nbd7 6. Qc2 Be7 7. g4 dxc4 8. Bxc4 b5 9. Bd3 Bb7 10. g5 Nd5 11. Nxd5 cxd5 12. h4 Rc8 13. Qb3 b4 14. Bd2 a5 15. a3 Qb6 16. axb4 axb4 17. Ke2 0-0 18. Rhc1 Rxc1 19. Bxc1 Bd6 20. Bd2 Ra8 21. Rxa8+ Bxa8 22. Qc2 Nf8 23. h5 Bc6 24. Ne5 Bb7 25. Qa4 f6 26. gxf6 gxf6 27. Nd7 Qd8 28. Nxf8 Qxf8 29. Kd1 Qf7 30. Be2 Qe7 31. Kc2 Qc7+ 32. Kb3 Bc6 33. Bb5 Bd7 34. Bxb4 Bxb5 35. Qxb5 Bxb4 36. Kxb4 Kg7 37. Qc5 Qb7+ 38. Kc3 Kh6 39. Qf8+ Kxh5 40. Qxf6 Qa6 41. Qg7 Qc4+ 42. Kd2 Qb4+ 43. Ke2 Qxb2+ 44. Kf3 Qb6 45. Kg3 Qb1 46. Qg4+ Kh6 47. Qxe6+ Kg7 48. Qxd5 Qg6+ 49. Kf4 Qc2 50. Qe5+ Kg8 51. Qe8+ Kg7 52. Qe7+ Kg8 53. Ke5 Qe2 54. Qg5+ Kh8 55. d5 Qb2+ 56. Ke6 Qb6+ 57. d6 1-0

[Event "Zadar op-A 26th"]
[Site "Zadar"]
[Date "2019.12.19"]
[Round "6"]
[White "Sutkovic, Damir"]
[Black "Rogic, Davor"]
[Result "0-1"]
[WhiteElo "2292"]
[BlackElo "2485"]
[PlyCount "78"]
[EventDate "2019.12.15"]
[EventType "swiss"]
[EventRounds "9"]
[EventCountry "CRO"]
[SourceTitle "CBM 193 Extra"]
[Source "ChessBase"]
[SourceDate "2020.01.31"]
[SourceVersion "1"]
[SourceVersionDate "2020.01.31"]
[SourceQuality "1"]

1. Nf3 d5 2. d3 g6 3. g3 Bg7 4. Bg2 e5 5. 0-0 Ne7 6. e4 0-0 7. exd5 Nxd5 8. Re1 Nc6 9. Bg5 f6 10. Bd2 g5 11. Nc3 Nde7 12. h3 g4 13. hxg4 Bxg4 14. Qc1 Qd7 15. Bh6 Rf7 16. Ne4 Raf8 17. Nc5 Qc8 18. c3 b6 19. Nb3 f5 20. Bxg7 Rxg7 21. Nxe5 Nxe5 22. Rxe5 f4 23. Qe1 Ng6 24. Bd5+ Kh8 25. Rg5 h6 26. Rxg6 Rxg6 27. Qe5+ Rg7 28. Nd4 c5 29. Ne6 Bxe6 30. Bxe6 Qd8 31. d4 cxd4 32. cxd4 fxg3 33. fxg3 Rf3 34. Rc1 Rfxg3+ 35. Kf2 Qf8+ 36. Bf5 R3g5 37. Rc8 Qxc8 38. Bxc8 Rxe5 39. dxe5 Rc7 0-1

[Event "Zadar op-A 26th"]
[Site "Zadar"]
[Date "2019.12.15"]
[Round "1"]
[White "Livaic, Leon"]
[Black "Sutkovic, Damir"]
[Result "1-0"]
[WhiteElo "2505"]
[BlackElo "2292"]
[PlyCount "83"]
[EventDate "2019.12.15"]
[EventType "swiss"]
[EventRounds "9"]
[EventCountry "CRO"]
[SourceTitle "CBM 193 Extra"]
[Source "ChessBase"]
[SourceDate "2020.01.31"]
[SourceVersion "1"]
[SourceVersionDate "2020.01.31"]
[SourceQuality "1"]

1. d4 Nf6 2. c4 d6 3. Nc3 Bf5 4. Nf3 g6 5. Qb3 b6 6. g3 Nc6 7. d5 Na5 8. Qd1 Bg7 9. Nd4 Bd7 10. e4 0-0 11. Be2 c5 12. Nb3 Nxb3 13. axb3 a6 14. 0-0 b5 15. Qc2 b4 16. Nd1 e6 17. dxe6 Bxe6 18. Ne3 Re8 19. Rd1 Qb6 20. Bf3 Rad8 21. Bg2 Bc8 22. Kh1 Bb7 23. f3 Qc7 24. Bd2 Qb8 25. Re1 Re7 26. Rad1 Rde8 27. Bc1 Nd7 28. Re2 Ne5 29. Nd5 Bxd5 30. cxd5 c4 31. f4 cxb3 32. Qxb3 Nd7 33. Be3 Rc8 34. Rc2 Rxc2 35. Qxc2 b3 36. Qc4 Re8 37. Rd3 Rc8 38. Qxb3 Bxb2 39. Bh3 Qxb3 40. Rxb3 Rb8 41. Rxb8+ Nxb8 42. Ba7 1-0

[Event "Sarajevo Bosna op 49th"]
[Site "Sarajevo"]
[Date "2019.05.02"]
[Round "8"]
[White "Sutkovic, Damir"]
[Black "Djukic, Nikola"]
[Result "1/2-1/2"]
[WhiteElo "2350"]
[BlackElo "2566"]
[PlyCount "62"]
[EventDate "2019.04.27"]
[EventType "swiss"]
[EventRounds "9"]
[EventCountry "BIH"]
[SourceTitle "CBM 190 Extra"]
[Source "ChessBase"]
[SourceDate "2019.07.15"]
[SourceVersion "1"]
[SourceVersionDate "2019.07.15"]
[SourceQuality "1"]

1. d4 Nf6 2. Nc3 d5 3. Bf4 g6 4. Qd2 Bg7 5. Bh6 Bxh6 6. Qxh6 c5 7. dxc5 Qa5 8. e3 Nc6 9. Bb5 Bd7 10. Nge2 Ne5 11. Qf4 Bxb5 12. b4 Qa6 13. Qxe5 Bxe2 14. Nxe2 0-0 15. Qxe7 Ne4 16. Qe5 Qb5 17. Rb1 a5 18. Nc3 Qc4 19. Nxd5 Rfe8 20. Nb6 Qb5 21. a4 Qa6 22. b5 Rxe5 23. bxa6 Rxa6 24. Nd7 Rf5 25. f3 Nxc5 26. e4 Rg5 27. h4 Rxg2 28. Nxc5 Rc6 29. Nxb7 Rcxc2 30. Nxa5 Rce2+ 31. Kd1 Rd2+ 1/2-1/2

[Event "Sarajevo Bosna op 49th"]
[Site "Sarajevo"]
[Date "2019.04.30"]
[Round "6"]
[White "Sutkovic, Damir"]
[Black "Karaoglan, Kivanc"]
[Result "1/2-1/2"]
[WhiteElo "2350"]
[BlackElo "2001"]
[PlyCount "38"]
[EventDate "2019.04.27"]
[EventType "swiss"]
[EventRounds "9"]
[EventCountry "BIH"]
[SourceTitle "CBM 190 Extra"]
[Source "ChessBase"]
[SourceDate "2019.07.15"]
[SourceVersion "1"]
[SourceVersionDate "2019.07.15"]
[SourceQuality "1"]

1. c4 Nf6 2. Nc3 e6 3. Nf3 d5 4. cxd5 exd5 5. d4 c6 6. Bg5 Be7 7. Qc2 0-0 8. e3 Nbd7 9. Bd3 Re8 10. h3 Nf8 11. 0-0-0 Ne4 12. Bxe7 Qxe7 13. g4 Nxc3 14. Qxc3 Be6 15. Kb1 Rec8 16. Rc1 Rc7 17. g5 Rac8 18. Qc5 Qxc5 19. dxc5 Re7 1/2-1/2

[Event "Sarajevo Bosna op 49th"]
[Site "Sarajevo"]
[Date "2019.04.27"]
[Round "1"]
[White "Muhibic, Cazim"]
[Black "Sutkovic, Damir"]
[Result "0-1"]
[WhiteElo "1859"]
[BlackElo "2350"]
[PlyCount "106"]
[EventDate "2019.04.27"]
[EventType "swiss"]
[EventRounds "9"]
[EventCountry "BIH"]
[SourceTitle "CBM 190 Extra"]
[Source "ChessBase"]
[SourceDate "2019.07.15"]
[SourceVersion "1"]
[SourceVersionDate "2019.07.15"]
[SourceQuality "1"]

1. d4 Nf6 2. Nf3 c5 3. d5 b5 4. Bg5 Bb7 5. Bxf6 exf6 6. e4 a6 7. c4 bxc4 8. Bxc4 d6 9. 0-0 Nd7 10. b3 g6 11. Nbd2 Bg7 12. Rb1 0-0 13. Qc2 Re8 14. Rfe1 Qa5 15. Bd3 Re7 16. Nc4 Qc7 17. Re2 Rae8 18. Rbe1 Bh6 19. h3 Bf4 20. g3 Bh6 21. Nh2 f5 22. exf5 Rxe2 23. Rxe2 Rxe2 24. Bxe2 Bxd5 25. fxg6 hxg6 26. Ng4 Bg7 27. Qd1 Bd4 28. Bf3 Qc6 29. Bxd5 Qxd5 30. Qe2 Kf8 31. Nce3 Qb7 32. Nc2 Bg7 33. Qd3 d5 34. Qf3 c4 35. Kg2 cxb3 36. axb3 Nc5 37. b4 Ne4 38. Qa3 Qb5 39. Qe3 Qc4 40. Qb6 Qc8 41. Nge3 Kg8 42. Nd4 Ng5 43. g4 Qe8 44. Nec2 Qe4+ 45. Kf1 Qd3+ 46. Kg2 Qxh3+ 47. Kg1 Qxg4+ 48. Kf1 Qd1+ 49. Kg2 Qg4+ 50. Kf1 Bxd4 51. Nxd4 Kg7 52. Qc5 Ne6 53. Nxe6+ Qxe6 0-1

[Event "Sarajevo-ch"]
[Site "Sarajevo"]
[Date "2019.03.18"]
[Round "8"]
[White "Sutkovic, Damir"]
[Black "Halilovic, Fahrudin"]
[Result "1-0"]
[WhiteElo "2346"]
[BlackElo "2053"]
[PlyCount "105"]
[EventDate "2019.03.12"]
[EventType "tourn"]
[EventRounds "9"]
[EventCountry "BIH"]
[SourceTitle "CBM 189 Extra"]
[Source "ChessBase"]
[SourceDate "2019.06.03"]
[SourceVersion "1"]
[SourceVersionDate "2019.06.03"]
[SourceQuality "1"]

1. d3 e5 2. g3 d5 3. Bg2 f5 4. c4 c6 5. cxd5 cxd5 6. Qb3 e4 7. Nh3 Nc6 8. 0-0 Nf6 9. Bg5 Na5 10. Qb5+ Bd7 11. Bxf6 Bxb5 12. Bxd8 Rxd8 13. Nc3 Ba6 14. Nf4 d4 15. Ncd5 g5 16. Ne6 Rd6 17. Nec7+ Kd7 18. dxe4 fxe4 19. Bxe4 Bxe2 20. Bf5+ Kd8 21. Rfe1 d3 22. Ne6+ Rxe6 23. Bxe6 Nc6 24. Nc3 Nd4 25. Nxe2 Nf3+ 26. Kg2 Nxe1+ 27. Rxe1 dxe2 28. Rxe2 Bd6 29. Bd5 b6 30. Re6 Kd7 31. Rh6 Bf8 32. Rh5 h6 33. h4 Kd6 34. Bc4 gxh4 35. Rxh4 Bg7 36. b3 Re8 37. Rg4 Re7 38. Rg6+ Kc5 39. a4 Kd4 40. Kh3 Bf8 41. f4 Ke4 42. Kh4 Rg7 43. Rxh6 Rxg3 44. Re6+ Kf3 45. Bd5+ Kf2 46. f5 Re3 47. Kg5 Rh3 48. f6 Rd3 49. Bc4 Rg3+ 50. Kf5 Bh6 51. f7 Rg5+ 52. Kf6 Kf3 53. f8Q 1-0

[Event "Sarajevo-ch"]
[Site "Sarajevo"]
[Date "2019.03.16"]
[Round "5"]
[White "Terzic, Ilijas"]
[Black "Sutkovic, Damir"]
[Result "0-1"]
[WhiteElo "2137"]
[BlackElo "2346"]
[PlyCount "94"]
[EventDate "2019.03.12"]
[EventType "tourn"]
[EventRounds "9"]
[EventCountry "BIH"]
[SourceTitle "CBM 189 Extra"]
[Source "ChessBase"]
[SourceDate "2019.06.03"]
[SourceVersion "1"]
[SourceVersionDate "2019.06.03"]
[SourceQuality "1"]

1. d4 Nf6 2. Nf3 c5 3. e3 g6 4. Be2 Bg7 5. 0-0 cxd4 6. exd4 d5 7. c3 Nc6 8. Bf4 Bg4 9. h3 Bxf3 10. Bxf3 0-0 11. Nd2 Re8 12. Re1 e6 13. Nb3 Nd7 14. Rb1 Rc8 15. Nc1 Na5 16. Nd3 Nc4 17. Qb3 Na5 18. Qd1 a6 19. Be2 Nc4 20. Bf1 Bf8 21. g3 Nf6 22. Bg2 Nh5 23. Bc1 Bd6 24. Bf3 Ng7 25. h4 h5 26. Bf4 Nf5 27. Bg2 Bxf4 28. Nxf4 Qd6 29. Nd3 b6 30. Bh3 Ng7 31. Qe2 a5 32. Rbd1 Qd8 33. Ne5 Nxe5 34. Qxe5 b5 35. Bf1 Qb6 36. Bd3 b4 37. cxb4 Qxb4 38. b3 Rc3 39. Qe2 Rec8 40. Bb1 R8c6 41. Kf1 Ne8 42. Rd3 Nf6 43. Rxc3 Qxc3 44. Rd1 Kg7 45. Qe5 Qf3 46. Re1 Rc3 47. Qf4 Qxf4 0-1

[Event "Zadar op-A 25th"]
[Site "Zadar"]
[Date "2018.12.20"]
[Round "7"]
[White "Rezan, Sasa"]
[Black "Sutkovic, Damir"]
[Result "1-0"]
[WhiteElo "2421"]
[BlackElo "2345"]
[PlyCount "122"]
[EventDate "2018.12.15"]
[EventType "swiss"]
[EventRounds "9"]
[EventCountry "CRO"]
[SourceTitle "CBM 187 Extra"]
[Source "ChessBase"]
[SourceDate "2018.11.04"]
[SourceVersion "1"]
[SourceVersionDate "2018.11.04"]
[SourceQuality "1"]

1. d4 Nf6 2. Nf3 c5 3. d5 e6 4. Nc3 d6 5. e4 a6 6. dxe6 Bxe6 7. Ng5 Nc6 8. Nxe6 fxe6 9. g3 Be7 10. Bh3 Kf7 11. 0-0 Re8 12. Ne2 Bf8 13. Nf4 Qc7 14. c3 b5 15. Re1 Rab8 16. a4 g6 17. Qe2 Bg7 18. Bd2 Ne5 19. Ra2 Nc6 20. axb5 axb5 21. Rea1 Re7 22. Ra6 Rb6 23. R6a2 Rb8 24. Re1 Rb6 25. Be3 Rb8 26. Raa1 Nd7 27. Bg2 Nde5 28. h4 Nc4 29. Bc1 N4e5 30. Nh3 Kg8 31. h5 c4 32. Bg5 Ree8 33. hxg6 hxg6 34. Red1 b4 35. Bd2 Nd3 36. Rab1 b3 37. Qg4 Nce5 38. Qh4 Nf7 39. Be3 Ra8 40. Bf1 Nde5 41. Be2 Qc6 42. Rd4 Ra2 43. Ng5 Nxg5 44. Qxg5 Kf7 45. Qf4+ Bf6 46. Bd2 g5 47. Qe3 g4 48. Be1 Rg8 49. Qd2 Bg5 50. Qd1 Be7 51. Bd2 Nf3+ 52. Bxf3 e5 53. Rd5 gxf3 54. Qxf3+ Ke8 55. Be3 Rh8 56. Qf5 Qa6 57. Kg2 Kd8 58. Qxe5 Rh7 59. Qe6 Kc7 60. e5 Ra5 61. Rbd1 Rxd5 1-0

[Event "Zadar op-A 25th"]
[Site "Zadar"]
[Date "2018.12.19"]
[Round "6"]
[White "Sutkovic, Damir"]
[Black "Jakic, Ivan"]
[Result "1-0"]
[WhiteElo "2345"]
[BlackElo "2393"]
[PlyCount "107"]
[EventDate "2018.12.15"]
[EventType "swiss"]
[EventRounds "9"]
[EventCountry "CRO"]
[SourceTitle "CBM 187 Extra"]
[Source "ChessBase"]
[SourceDate "2018.11.04"]
[SourceVersion "1"]
[SourceVersionDate "2018.11.04"]
[SourceQuality "1"]

1. b3 e5 2. Bb2 Nc6 3. e3 Nf6 4. Bb5 Bd6 5. Ne2 0-0 6. Ng3 Re8 7. Bxc6 dxc6 8. e4 Bc5 9. h3 a5 10. d3 a4 11. 0-0 Be6 12. Nd2 Nd7 13. Nf3 a3 14. Bc3 f6 15. Qe2 Bd6 16. Nh4 g6 17. Nf3 c5 18. Bd2 Bf7 19. Nh2 Nf8 20. Rae1 Ne6 21. Qd1 Nf4 22. Ne2 Be6 23. Nxf4 exf4 24. Qc1 g5 25. Bc3 Be5 26. Qa1 Bd7 27. Nf3 Qe7 28. d4 cxd4 29. Bxd4 c5 30. Bxe5 fxe5 31. Rd1 Bc6 32. Rfe1 h5 33. g3 fxg3 34. fxg3 Qf6 35. Rd3 Re7 36. Nd2 Qe6 37. Kg2 Rf8 38. Rf1 Ref7 39. Rxf7 Qxf7 40. Qe1 g4 41. h4 Qf6 42. Kg1 Rd8 43. Qe3 Bb5 44. c4 Bc6 45. Rxd8+ Qxd8 46. Kf2 Qd4 47. Ke2 Qb2 48. Qg5+ Kf8 49. Qxh5 Bd7 50. Qg5 Qxa2 51. h5 Qa1 52. h6 Qh1 53. Qg7+ Ke8 54. h7 1-0

[Event "Zadar op-A 25th"]
[Site "Zadar"]
[Date "2018.12.18"]
[Round "5"]
[White "Blagojevic, Tijana"]
[Black "Sutkovic, Damir"]
[Result "0-1"]
[WhiteElo "2208"]
[BlackElo "2345"]
[PlyCount "74"]
[EventDate "2018.12.15"]
[EventType "swiss"]
[EventRounds "9"]
[EventCountry "CRO"]
[SourceTitle "CBM 187 Extra"]
[Source "ChessBase"]
[SourceDate "2018.11.04"]
[SourceVersion "1"]
[SourceVersionDate "2018.11.04"]
[SourceQuality "1"]

1. e4 c5 2. Nf3 e6 3. d4 cxd4 4. Nxd4 a6 5. c4 Nf6 6. Nc3 d6 7. Be2 b6 8. 0-0 Bb7 9. f3 Nbd7 10. Be3 Be7 11. a4 Rb8 12. Rf2 0-0 13. Bf1 Re8 14. Rd2 Qc7 15. Rc1 Rbc8 16. Bf2 Qb8 17. Nc2 Ne5 18. Ne3 Ng6 19. Bg3 Red8 20. Qb3 Ba8 21. Rcd1 h5 22. Kh1 h4 23. Bf2 Nd7 24. Ne2 h3 25. g3 Nge5 26. Ng4 Nxg4 27. fxg4 Bxe4+ 28. Kg1 Ne5 29. Nd4 Nxg4 30. Bxh3 Nxf2 31. Rxf2 d5 32. Nxe6 fxe6 33. Bxe6+ Kh8 34. g4 Bc5 35. Qh3+ Bh7 36. Bf5 g6 37. Bxg6 Bxf2+ 0-1

[Event "Mittelrhein Regionalliga 18/19"]
[Site "Nordrheinwestfalen"]
[Date "2018.09.02"]
[Round "1.1"]
[White "Haag, Martin"]
[Black "Sutkovic, Damir"]
[Result "0-1"]
[WhiteElo "2190"]
[BlackElo "2324"]
[PlyCount "82"]
[EventDate "2018.10.28"]
[EventType "team-tourn"]
[EventRounds "11"]
[EventCountry "GER"]
[SourceTitle "EXT 2022"]
[Source "ChessBase"]
[SourceDate "2021.10.06"]
[SourceVersion "1"]
[SourceVersionDate "2021.10.06"]
[SourceQuality "1"]
[WhiteTeam "Bonn Beuel"]
[BlackTeam "Alsdorf SVG"]
[WhiteTeamCountry "GER"]
[BlackTeamCountry "GER"]

1. c4 Nf6 2. Nc3 d6 3. d4 g6 4. e4 Bg7 5. Nf3 0-0 6. Be2 c5 7. 0-0 Na6 8. d5 Nc7 9. h3 a6 10. a4 e6 11. dxe6 Nxe6 12. Be3 b6 13. Qc2 Bb7 14. Rad1 Qe7 15. Rfe1 Rfd8 16. Bf1 Qf8 17. Nd5 Rab8 18. b3 Nd7 19. g3 Bc6 20. Rb1 Re8 21. Bg2 b5 22. axb5 axb5 23. b4 bxc4 24. Qxc4 Bxd5 25. exd5 Nb6 26. Qa2 Ra8 27. Qd2 Nc4 28. Qd3 Nxe3 29. fxe3 Nc7 30. bxc5 dxc5 31. Rb6 Rad8 32. e4 Kh8 33. Re2 f5 34. Rb7 Rd7 35. exf5 Rxd5 36. Qc4 Rxe2 37. Qxe2 Qc8 38. Rb6 Rxf5 39. Rc6 Qd7 40. Qe4 Nd5 41. Rxc5 Qa7 0-1

[Event "BIH-chT1"]
[Site "Bosanska Krupa"]
[Date "2018.08.27"]
[Round "4"]
[White "Avdic, Mirza"]
[Black "Sutkovic, Damir"]
[Result "1-0"]
[WhiteElo "2205"]
[BlackElo "2351"]
[PlyCount "116"]
[EventDate "2018.08.25"]
[EventType "tourn"]
[EventRounds "9"]
[EventCountry "BIH"]
[SourceTitle "CBM 186 Extra"]
[Source "ChessBase"]
[SourceDate "2018.08.24"]
[SourceVersion "1"]
[SourceVersionDate "2018.08.24"]
[SourceQuality "1"]

1. e4 c5 2. Nf3 e6 3. d4 cxd4 4. Nxd4 a6 5. Nc3 Nc6 6. Nxc6 bxc6 7. e5 Qc7 8. Qe2 d5 9. exd6 Bxd6 10. g3 Nf6 11. Bg2 Bb7 12. 0-0 0-0 13. Na4 c5 14. Bxb7 Qxb7 15. b3 Rac8 16. Rd1 Ne4 17. Qf3 Be5 18. Bb2 Bxb2 19. Nxb2 Rfd8 20. Nc4 Rd4 21. c3 Rd5 22. Ne3 Ng5 23. Qg2 Rxd1+ 24. Rxd1 Qxg2+ 25. Kxg2 Ne4 26. Rd3 Kf8 27. f3 Nf6 28. Rd6 Ra8 29. Rc6 Nd7 30. Rc7 Ke7 31. Nc4 Kd8 32. Rb7 f6 33. Kf2 Rc8 34. Ra7 Rc6 35. Ke2 g5 36. Kd3 h5 37. Ke3 Ke7 38. f4 gxf4+ 39. gxf4 Kd8 40. Kf3 Kc8 41. Kg3 Rc7 42. Rxa6 e5 43. fxe5 Nxe5 44. Nxe5 fxe5 45. Kf3 Kb7 46. Ra4 Rf7+ 47. Ke4 Rf2 48. h4 Re2+ 49. Kd5 Kb6 50. Re4 Rxa2 51. Rxe5 Kb5 52. Kd6 Ra6+ 53. Kd5 Ra1 54. Rxh5 Rc1 55. c4+ Kb4 56. Rh8 Rd1+ 57. Kc6 Kxb3 58. Kxc5 Rc1 1-0

[Event "BIH-chT 17th"]
[Site "Jahorina"]
[Date "2018.06.04"]
[Round "3.1"]
[White "Sutkovic, Damir"]
[Black "Jelcic, Marko"]
[Result "1/2-1/2"]
[WhiteElo "2363"]
[BlackElo "2181"]
[PlyCount "56"]
[EventDate "2018.06.02"]
[EventType "team-tourn"]
[EventRounds "9"]
[EventCountry "BIH"]
[SourceTitle "CBM 184 Extra"]
[Source "ChessBase"]
[SourceDate "2018.06.28"]
[SourceVersion "1"]
[SourceVersionDate "2018.06.28"]
[SourceQuality "1"]
[WhiteTeam "Pazaric Bjelasnica"]
[BlackTeam "Siroki Brijeg"]
[WhiteTeamCountry "BIH"]
[BlackTeamCountry "BIH"]

1. d4 d5 2. c4 dxc4 3. Nf3 Nf6 4. Qc2 e6 5. Qxc4 Nbd7 6. g3 a6 7. Bg2 b5 8. Qc2 Bb7 9. 0-0 c5 10. Nbd2 Rc8 11. Qb1 cxd4 12. Nxd4 Bxg2 13. Kxg2 Be7 14. N2f3 0-0 15. Rd1 Qb6 16. Be3 Qb7 17. Kg1 Nb6 18. Ne5 Nc4 19. Nxc4 Rxc4 20. Nb3 Qc7 21. Rc1 h6 22. Nd2 Rxc1+ 23. Qxc1 Rc8 24. Nb3 Nd5 25. Qxc7 Rxc7 26. Rc1 Rxc1+ 27. Bxc1 Bf6 28. a3 Nb6 1/2-1/2

[Event "BIH-chT 17th"]
[Site "Jahorina"]
[Date "2018.06.02"]
[Round "1.1"]
[White "Sutkovic, Damir"]
[Black "Narancic, Vlado"]
[Result "0-1"]
[WhiteElo "2363"]
[BlackElo "2289"]
[PlyCount "92"]
[EventDate "2018.06.02"]
[EventType "team-tourn"]
[EventRounds "9"]
[EventCountry "BIH"]
[SourceTitle "CBM 184 Extra"]
[Source "ChessBase"]
[SourceDate "2018.06.28"]
[SourceVersion "1"]
[SourceVersionDate "2018.06.28"]
[SourceQuality "1"]
[WhiteTeam "Pazaric Bjelasnica"]
[BlackTeam "Bratunac"]
[WhiteTeamCountry "BIH"]
[BlackTeamCountry "BIH"]

1. d4 Nf6 2. c4 g6 3. Nc3 Bg7 4. e4 d6 5. f3 0-0 6. Be3 b6 7. Nge2 c5 8. d5 e6 9. Ng3 exd5 10. cxd5 a6 11. a4 Nbd7 12. Be2 Re8 13. 0-0 h5 14. Bg5 Nf8 15. Nh1 Qc7 16. Nf2 Bd7 17. Rc1 N8h7 18. Be3 Qb7 19. Bf4 Bf8 20. Rb1 Rec8 21. Qd2 Qc7 22. Rfc1 Qd8 23. b4 Be8 24. bxc5 bxc5 25. Nfd1 Nd7 26. Nb2 g5 27. Be3 Ne5 28. f4 Ng4 29. Bxg4 hxg4 30. Nc4 Rcb8 31. e5 gxf4 32. Bxf4 Bd7 33. Nxd6 Bxd6 34. exd6 Bf5 35. Rxb8 Rxb8 36. Ne2 Qd7 37. Rxc5 Qxa4 38. Nd4 Rb1+ 39. Kf2 Nf6 40. Nxf5 Ne4+ 41. Ke2 Nxd2 42. Bxd2 Qd1+ 43. Ke3 Qg1+ 44. Ke4 Qxc5 45. d7 Rb8 46. Bg5 Qc2+ 0-1

[Event "Sarajevo-ch"]
[Site "Sarajevo"]
[Date "2018.03.25"]
[Round "8"]
[White "Sutkovic, Damir"]
[Black "Omanovic, Vahidin"]
[Result "1-0"]
[WhiteElo "2371"]
[BlackElo "2031"]
[PlyCount "47"]
[EventDate "2018.03.19"]
[EventType "tourn"]
[EventRounds "11"]
[EventCountry "BIH"]
[SourceTitle "CBM 183 Extra"]
[Source "ChessBase"]
[SourceDate "2018.04.19"]
[SourceVersion "1"]
[SourceVersionDate "2018.04.19"]
[SourceQuality "1"]

1. b3 e5 2. Bb2 Nc6 3. e3 Nf6 4. Bb5 d6 5. d4 exd4 6. Qxd4 Bd7 7. Bxc6 Bxc6 8. Nf3 Qd7 9. Nbd2 Qg4 10. Qxg4 Nxg4 11. 0-0 f6 12. Nd4 Bd7 13. c4 a6 14. e4 Ne5 15. f4 Nc6 16. Nc2 Be7 17. Ne3 0-0 18. Nd5 Bd8 19. Nf3 Re8 20. Rae1 Ne7 21. Bxf6 gxf6 22. Nxf6+ Kg7 23. Nxd7 Nc6 24. f5 1-0

[Event "Sarajevo-ch"]
[Site "Sarajevo"]
[Date "2018.03.23"]
[Round "5"]
[White "Burovic, Rijad"]
[Black "Sutkovic, Damir"]
[Result "1-0"]
[WhiteElo "2344"]
[BlackElo "2371"]
[PlyCount "83"]
[EventDate "2018.03.19"]
[EventType "tourn"]
[EventRounds "11"]
[EventCountry "BIH"]
[SourceTitle "CBM 183 Extra"]
[Source "ChessBase"]
[SourceDate "2018.04.19"]
[SourceVersion "1"]
[SourceVersionDate "2018.04.19"]
[SourceQuality "1"]

1. e4 d5 2. exd5 Qxd5 3. Nf3 Nf6 4. Be2 g6 5. 0-0 Bg7 6. d4 0-0 7. c4 Qd8 8. Nc3 c6 9. Qb3 Qc7 10. Bg5 Bg4 11. h3 Bxf3 12. Bxf3 Nbd7 13. Rad1 Rfe8 14. Rfe1 Rac8 15. Bh4 Qb6 16. Qa3 Bf8 17. c5 Qc7 18. Bg3 e5 19. b4 b6 20. Qa6 Nb8 21. Qe2 bxc5 22. Bxe5 Bd6 23. Bxd6 Qxd6 24. dxc5 Rxe2 25. cxd6 Rxe1+ 26. Rxe1 Rd8 27. Re7 a5 28. bxa5 Rxd6 29. Ne4 Nxe4 30. Rxe4 Na6 31. Be2 c5 32. Re8+ Kg7 33. Ra8 Nb4 34. a6 Kh6 35. a3 Nc6 36. Rc8 Nd4 37. a7 Nxe2+ 38. Kh2 Ra6 39. a8Q Rxa8 40. Rxa8 c4 41. Rc8 c3 42. a4 1-0

[Event "Sarajevo-ch"]
[Site "Sarajevo"]
[Date "2018.03.21"]
[Round "3"]
[White "Kurtcehajic, Suad"]
[Black "Sutkovic, Damir"]
[Result "0-1"]
[WhiteElo "1986"]
[BlackElo "2371"]
[PlyCount "92"]
[EventDate "2018.03.19"]
[EventType "tourn"]
[EventRounds "11"]
[EventCountry "BIH"]
[SourceTitle "CBM 183 Extra"]
[Source "ChessBase"]
[SourceDate "2018.04.19"]
[SourceVersion "1"]
[SourceVersionDate "2018.04.19"]
[SourceQuality "1"]

1. e4 g6 2. d4 Bg7 3. Be3 d6 4. Qd2 a6 5. Bd3 Nd7 6. Ne2 b6 7. Nbc3 Bb7 8. f3 c5 9. Nd5 e6 10. Ndc3 Qc7 11. dxc5 dxc5 12. 0-0-0 0-0-0 13. Bb5 Ngf6 14. Bxd7+ Rxd7 15. Qe1 Rxd1+ 16. Nxd1 Nd7 17. Qg3 Ne5 18. Bf4 h5 19. h4 Rd8 20. Ne3 c4 21. Rd1 Rxd1+ 22. Nxd1 b5 23. Kb1 b4 24. Be3 Bf8 25. Qf2 Qd6 26. Qe1 a5 27. Qd2 Qc7 28. Bf4 Bc5 29. Bxe5 Qxe5 30. Qf4 Qxf4 31. Nxf4 e5 32. Ne2 Kd7 33. c3 Ke6 34. Kc2 f5 35. Ng3 f4 36. Nf1 Be7 37. Nd2 Ba6 38. Nf1 Bxh4 39. a3 Be1 40. cxb4 c3 41. Nxc3 axb4 42. Nd5 Bxf1 43. axb4 Bxg2 44. b5 Bxf3 45. b6 Bxe4+ 46. Kd1 Bxd5 0-1